[Event "MFR_HT_2015 Nürnberg"]
[Site "?"]
[Date "2015.03.31"]
[Round "2.14"]
[White "Vogiatzis, Dimitrios"]
[Black "Böhme, Markus"]
[Result "1/2-1/2"]
[WhiteElo "2086"]
[BlackElo "1849"]
[PlyCount "88"]
[EventDate "2015.??.??"]
[WhiteTeam "SC Noris-Tarrasch Nürnberg"]
[BlackTeam "SC Uttenreuth"]

1. e4 c5 2. Nc3 d6 3. f4 e6 4. Nf3 Nc6 5. d3 g6 6. Be2 Bg7 7. O-O Nge7 8. Qe1
O-O 9. Kh1 b6 10. Qh4 Nd4 11. Bd1 Nec6 12. Qf2 Ba6 13. Ne1 d5 14. a4 Ne7 15.
Rg1 dxe4 16. dxe4 Bb7 17. Nf3 Qc7 18. Re1 Rad8 19. Be3 a6 20. Qh4 Nxf3 21. Bxf3
Nc6 22. f5 exf5 23. Nd5 Rxd5 24. exd5 Nb4 25. d6 Qd7 26. Bxb7 Qxb7 27. Qe7 Qxe7
28. dxe7 Re8 29. Rad1 Rxe7 30. Rd8+ Bf8 31. Bf2 Rxe1+ 32. Bxe1 Nxc2 33. Bd2 Kg7
34. Bh6+ Kxh6 35. Rxf8 b5 36. a5 Nb4 37. Rc8 c4 38. Ra8 Kg5 39. Kg1 Kf4 40. Kf2
f6 41. Ke2 Ke4 42. Kd2 Kd4 43. Rc8 f4 44. Rf8 f5 1/2-1/2

[Event "MFR_HT_2015 Nürnberg"]
[Site "?"]
[Date "2015.03.31"]
[Round "2.15"]
[White "Planner, Jörg"]
[Black "Balhar, Michael"]
[Result "1-0"]
[WhiteElo "1847"]
[BlackElo "1779"]
[PlyCount "47"]
[EventDate "2015.??.??"]
[WhiteTeam "SC Heilsbronn"]
[BlackTeam "SC Erlangen"]

1. e4 e5 2. Nc3 Nf6 3. Bc4 Nxe4 4. Qh5 Nd6 5. Bb3 c6 6. Ne4 Qe7 7. Nxd6+ Qxd6
8. Qxf7+ Kd8 9. d3 Qf6 10. Qh5 Be7 11. Nf3 d6 12. Bg5 Qf5 13. Qh4 Bf6 14. O-O-O
Na6 15. Rhe1 Nc5 16. d4 Nxb3+ 17. axb3 exd4 18. Rxd4 Bxg5+ 19. Nxg5 Kc7 20.
Re7+ Bd7 21. Qg3 Qf6 22. Ne6+ Kc8 23. Qxd6 Qh6+ 24. f4 1-0

[Event "MFR_HT_2015 Nürnberg"]
[Site "?"]
[Date "2015.03.31"]
[Round "3.1"]
[White "Reis, Gerhard"]
[Black "Walter, Thomas"]
[Result "1/2-1/2"]
[WhiteElo "2182"]
[BlackElo "2149"]
[PlyCount "80"]
[EventDate "2015.??.??"]
[WhiteTeam "SW Nürnberg Süd"]
[BlackTeam "SC Erlangen"]

1. Nf3 d5 2. d4 Nf6 3. c4 c6 4. e3 Bf5 5. Nc3 dxc4 6. Bxc4 e6 7. O-O Bb4 8. Ne2
O-O 9. Ng3 Bg6 10. Qe2 Nbd7 11. e4 Nh5 12. Rd1 Nxg3 13. hxg3 Bh5 14. Bf4 Nf6
15. Rac1 Re8 16. Bd3 Ba5 17. Bg5 h6 18. Bxf6 Qxf6 19. Rc5 Bxf3 20. gxf3 Bb6 21.
e5 Qd8 22. Rc4 Qd5 23. f4 Rad8 24. b3 Bxd4 25. Rcc1 Qa5 26. Rc4 Qb6 27. Kg2 g6
28. Be4 Kg7 29. Rc2 a5 30. Qg4 Bc5 31. Rxd8 Rxd8 32. Qh4 Rd7 33. Qf6+ Kh7 34.
f5 exf5 35. Bxf5 Re7 36. e6 gxf5 37. exf7 Re1 38. f8=Q Bxf8 39. Qxf8 Qb5 40.
Qf7+ Kh8 1/2-1/2

[Event "MFR_HT_2015 Nürnberg"]
[Site "?"]
[Date "2015.03.31"]
[Round "3.3"]
[White "Rausch, Wolfgang jr"]
[Black "Miller, Eduard"]
[Result "0-1"]
[WhiteElo "2138"]
[BlackElo "2157"]
[PlyCount "58"]
[EventDate "2015.??.??"]
[WhiteTeam "SV Lauf"]
[BlackTeam "SC Erlangen"]

1. d4 Nf6 2. Nf3 b6 3. Bf4 Bb7 4. Nbd2 d6 5. e3 Nh5 6. Bd3 Nxf4 7. exf4 g6 8.
h4 e6 9. h5 Bg7 10. Qe2 Qe7 11. hxg6 hxg6 12. Rxh8+ Bxh8 13. g4 Nd7 14. g5 e5
15. dxe5 dxe5 16. f5 e4 17. f6 Bxf6 18. gxf6 Nxf6 19. Ba6 Bxa6 20. Qxa6 exf3+
21. Kf1 Kf8 22. Re1 Qb4 23. Qa3 Qxa3 24. bxa3 Re8 25. Nxf3 Rxe1+ 26. Kxe1 Ke7
27. Ke2 Nd7 28. Nd4 a6 29. a4 Kd6 0-1

[Event "MFR_HT_2015 Nürnberg"]
[Site "?"]
[Date "2015.03.31"]
[Round "3.4"]
[White "Liepold, Stefan"]
[Black "Wagner, Florian"]
[Result "1-0"]
[WhiteElo "2231"]
[BlackElo "2145"]
[PlyCount "59"]
[EventDate "2015.??.??"]
[WhiteTeam "SC Erlangen"]
[BlackTeam "SC Noris-Tarrasch Nürnberg"]

1. e4 d6 2. d4 Nf6 3. Nc3 g6 4. Be3 a6 5. Qd2 Bg7 6. Bh6 O-O 7. Bxg7 Kxg7 8.
Bd3 Nc6 9. Nge2 e5 10. d5 Ne7 11. f4 exf4 12. Qxf4 Ng4 13. Nd4 Ng8 14. h3 Ne5
15. O-O-O c5 16. dxc6 bxc6 17. Nf3 Qa5 18. Be2 Rd8 19. Rd4 Ra7 20. Rhd1 Rad7
21. g4 h6 22. h4 Nf6 23. g5 hxg5 24. Nxg5 Qc7 25. Rf1 Ng8 26. h5 Re7 27. h6+
Nxh6 28. Qf6+ Kf8 29. Qh8+ Ng8 30. Nh7+ 1-0

[Event "MFR_HT_2015 Nürnberg"]
[Site "?"]
[Date "2015.03.31"]
[Round "3.5"]
[White "Wittmann, Helmut"]
[Black "Heimrath, Reiner"]
[Result "0-1"]
[WhiteElo "2103"]
[BlackElo "2277"]
[PlyCount "74"]
[EventDate "2015.??.??"]
[WhiteTeam "BSG Wöhrlhaus"]
[BlackTeam "SC Noris-Tarrasch Nürnberg"]

1. d4 d6 2. Nf3 Nd7 3. e4 g6 4. Bc4 e6 5. Bg5 Ne7 6. h4 h6 7. Be3 Nf6 8. Nc3 d5
9. Bd3 Bg7 10. h5 g5 11. Qe2 a6 12. O-O-O b6 13. Nxg5 hxg5 14. Bxg5 Bh6 15. Qd2
Nfg8 16. f4 Bb7 17. g4 Bxg5 18. fxg5 dxe4 19. Nxe4 Qd5 20. Qf4 O-O-O 21. Qxf7
Nc6 22. c3 Nge7 23. Nf6 Qxg5+ 24. Kb1 Kb8 25. Rde1 Bc8 26. Rhg1 Nd5 27. Nh7 Qd2
28. Qf1 e5 29. Rd1 Qh6 30. g5 Qxh5 31. g6 Ne3 32. Be2 Bf5+ 33. Kc1 Qh6 34. Qf3
Nxd1+ 35. Kxd1 Nxd4 36. cxd4 Rxd4+ 37. Ke1 Qd2+ 0-1

[Event "MFR_HT_2015 Nürnberg"]
[Site "?"]
[Date "2015.03.31"]
[Round "3.7"]
[White "Drees, Martin"]
[Black "Meulner, Klaus"]
[Result "0-1"]
[WhiteElo "1942"]
[BlackElo "2129"]
[PlyCount "126"]
[EventDate "2015.??.??"]
[WhiteTeam "TSV Cadolzburg"]
[BlackTeam "SW Nürnberg Süd"]

1. e4 e6 2. Nf3 d5 3. Nc3 Nf6 4. e5 Ne4 5. Ne2 Bc5 6. d4 Be7 7. Ng3 c5 8. Bd3
Qa5+ 9. c3 cxd4 10. Bxe4 dxe4 11. Nxe4 dxc3 12. Nxc3 Nc6 13. Qe2 b6 14. Bd2 Ba6
15. Qe4 Rc8 16. Ne2 Qb5 17. Rc1 O-O 18. a4 Qd3 19. Qxd3 Bxd3 20. Bc3 Rfd8 21.
Nfg1 Nb4 22. f4 Be4 23. Kf1 Nd3 24. Rd1 Nc5 25. Rxd8+ Rxd8 26. Nd4 Nxa4 27. Kf2
Bh4+ 28. Kf1 Bd3+ 29. Nge2 Nxc3 30. bxc3 Rc8 31. g3 Be7 32. Ke1 Be4 33. Rf1 Rc5
34. Kd2 Ra5 35. Ke3 Bd5 36. Kd3 b5 37. Rb1 a6 38. Rc1 Ra3 39. Nc2 Ra4 40. Ned4
Bc4+ 41. Ke3 Ra2 42. Ra1 Rxa1 43. Nxa1 a5 44. Kd2 Bc5 45. Nac2 a4 46. Kc1 a3
47. Kb1 f6 48. Ne3 Bxd4 49. cxd4 Bb3 50. Nf1 b4 51. Nd2 Bd5 52. Kc2 Kf7 53. Nb3
Bxb3+ 54. Kxb3 h5 55. h3 f5 56. Ka2 Ke7 57. Kb3 Kd7 58. Ka2 Kc6 59. Kb3 Kd5 60.
Ka2 Kxd4 61. g4 hxg4 62. hxg4 Ke4 63. gxf5 Kxf5 0-1

[Event "MFR_HT_2015 Nürnberg"]
[Site "?"]
[Date "2015.03.31"]
[Round "3.8"]
[White "Erlbeck, Peter"]
[Black "Auburger, Philipp"]
[Result "1-0"]
[WhiteElo "2091"]
[BlackElo "1978"]
[PlyCount "81"]
[EventDate "2015.??.??"]
[WhiteTeam "SW Nürnberg Süd"]
[BlackTeam "SC Forchheim"]

1. e4 e5 2. Nf3 Nf6 3. Nxe5 d6 4. Nxf7 Kxf7 5. d4 Be7 6. Nc3 Re8 7. Bd3 Kg8 8.
O-O Be6 9. f4 c5 10. d5 Bf7 11. e5 Nxd5 12. Nxd5 Bxd5 13. Bxh7+ Kxh7 14. Qxd5
dxe5 15. Qe4+ Kh8 16. Be3 Bf6 17. Rf3 Qe7 18. Rh3+ Kg8 19. Qh7+ Kf7 20. f5 Rg8
21. Qg6+ Kf8 22. Rd1 Nc6 23. g4 Rd8 24. Rxd8+ Nxd8 25. g5 Nf7 26. Rg3 Qd6 27.
gxf6 Qd1+ 28. Kg2 Qxc2+ 29. Bf2 Qe4+ 30. Kf1 Qb1+ 31. Be1 Qxa2 32. fxg7+ Ke7
33. f6+ Kd7 34. Rd3+ Kc7 35. Qf5 Qc4 36. Kg1 Nd6 37. Rxd6 Kxd6 38. Bg3 Qd4+ 39.
Kf1 Qc4+ 40. Kg2 Kc6 41. f7 1-0

[Event "MFR_HT_2015 Nürnberg"]
[Site "?"]
[Date "2015.03.31"]
[Round "3.9"]
[White "Planner, Jörg"]
[Black "Bachstein, Dustin"]
[Result "0-1"]
[WhiteElo "1847"]
[BlackElo "2108"]
[PlyCount "52"]
[EventDate "2015.??.??"]
[WhiteTeam "SC Heilsbronn"]
[BlackTeam "SC Erlangen"]

1. e4 e5 2. Nf3 Nc6 3. c3 d5 4. Qa4 f6 5. exd5 Qxd5 6. d3 Bd7 7. Qe4 Nge7 8.
Qxd5 Nxd5 9. Nbd2 O-O-O 10. Nb3 a5 11. Be3 a4 12. Nc1 a3 13. Rb1 axb2 14. Ne2
Bf5 15. Ng3 Nxc3 16. Rxb2 Bxd3 17. Bxd3 Rxd3 18. O-O Nd1 19. Rd2 Nxe3 20. Rxd3
Nxf1 21. Kxf1 Bc5 22. Ne4 Bb6 23. Nh4 Rd8 24. Rg3 Rd4 25. Re3 Rc4 26. Re1 Ba5
0-1

[Event "MFR_HT_2015 Nürnberg"]
[Site "?"]
[Date "2015.03.31"]
[Round "3.10"]
[White "Kotz, Reinhard"]
[Black "Tong, Kevin"]
[Result "0-1"]
[WhiteElo "2163"]
[BlackElo "1859"]
[PlyCount "128"]
[EventDate "2015.??.??"]
[WhiteTeam "SV Puschendorf"]
[BlackTeam "SC Erlangen"]

1. f4 c5 2. Nf3 Nc6 3. b3 Nf6 4. e3 g6 5. Bb2 Bg7 6. d3 O-O 7. g3 d5 8. Bg2 Ng4
9. Bxg7 Nxe3 10. Qd2 Nxg2+ 11. Qxg2 Kxg7 12. O-O Qd6 13. Re1 b6 14. d4 Qf6 15.
Qf2 cxd4 16. Nbd2 Bf5 17. Ne5 Nb4 18. g4 Bxc2 19. Qxd4 Nd3 20. Rf1 Nxe5 21.
fxe5 Qe6 22. Rf4 Rac8 23. Raf1 b5 24. R1f2 Kg8 25. h4 Qd7 26. Nf3 h6 27. Qd2
Qb7 28. Rd4 Kg7 29. Rxd5 Be4 30. Rd7 Rc7 31. e6 Bxf3 32. Rxc7 Qxc7 33. Rxf3
Qb6+ 34. Re3 fxe6 35. Qc3+ Kg8 36. Kg2 Rf4 37. Kg3 Qd6 38. Qe5 Rd4 39. Kf3 Rd3
40. Ke2 Rd2+ 41. Kf3 Qc6+ 42. Qe4 Qxe4+ 43. Kxe4 Rxa2 44. Ke5 Ra6 45. Rc3 b4
46. Rc4 Rb6 47. Rc7 Kf7 48. Rxa7 Rb5+ 49. Ke4 Kf6 50. Ra8 Re5+ 51. Kf4 g5+ 52.
hxg5+ hxg5+ 53. Kf3 Rc5 54. Ke4 Rc3 55. Rf8+ Kg7 56. Rf3 Rxf3 57. Kxf3 Kf6 58.
Ke4 e5 59. Kd5 e6+ 60. Ke4 Kf7 61. Kxe5 Ke7 62. Kd4 Kd6 63. Kc4 Ke5 64. Kxb4
Kd4 0-1

[Event "MFR_HT_2015 Nürnberg"]
[Site "?"]
[Date "2015.03.31"]
[Round "3.11"]
[White "Kroneder, Christian"]
[Black "Giering, Götz"]
[Result "1/2-1/2"]
[WhiteElo "2067"]
[BlackElo "1766"]
[PlyCount "81"]
[EventDate "2015.??.??"]
[WhiteTeam "SK Schwanstetten"]
[BlackTeam "SV Lauf"]

1. e4 c6 2. d4 d5 3. e5 Bf5 4. Nc3 e6 5. g4 Bg6 6. Nge2 Bb4 7. Bd2 h6 8. Nf4
Bh7 9. a3 Bf8 10. Be3 Nd7 11. Bd3 Bxd3 12. Qxd3 Nb6 13. Nce2 Qd7 14. b3 Be7 15.
c4 dxc4 16. bxc4 g5 17. Nh5 O-O-O 18. O-O f6 19. a4 fxe5 20. a5 Na8 21. Qb3 Nf6
22. Nxf6 Bxf6 23. Rad1 exd4 24. Nxd4 Qf7 25. a6 Nb6 26. axb7+ Qxb7 27. Nxe6
Rxd1 28. Rxd1 Qa6 29. Qd3 Qxc4 30. Qf5 Kb8 31. h3 Nd5 32. Rxd5 Qxd5 33. Qxf6
Qd1+ 34. Kg2 Qd5+ 35. f3 Re8 36. Bxa7+ Kxa7 37. Qf7+ Kb6 38. Qxe8 Qd2+ 39. Kf1
Qd1+ 40. Kf2 Qd2+ 41. Kf1 1/2-1/2

[Event "MFR_HT_2015 Nürnberg"]
[Site "?"]
[Date "2015.03.31"]
[Round "3.12"]
[White "Böhme, Markus"]
[Black "Brenner, Christian"]
[Result "0-1"]
[WhiteElo "1849"]
[BlackElo "2049"]
[PlyCount "102"]
[EventDate "2015.??.??"]
[WhiteTeam "SC Uttenreuth"]
[BlackTeam "Zabo-Eintracht Nürnberg"]

1. c4 Nf6 2. Nc3 g6 3. g3 Bg7 4. Bg2 O-O 5. d3 d6 6. Bg5 c5 7. a3 Nc6 8. Rb1 h6
9. Bd2 a5 10. e4 Ne8 11. Nb5 Kh7 12. Ne2 Nc7 13. Nxc7 Qxc7 14. Be3 Bd7 15. b3
Nd4 16. Nxd4 cxd4 17. Bd2 b5 18. Ke2 Qc5 19. b4 axb4 20. Bxb4 Qa7 21. cxb5 f5
22. exf5 Bxf5 23. Bxa8 Qxa8 24. Kd2 Bxd3 25. Kxd3 Rf3+ 26. Qxf3 Qxf3+ 27. Kc4
Qe2+ 28. Kb3 Qxb5 29. Rbd1 e5 30. Rhe1 e4 31. h3 g5 32. Rd2 d5 33. Rdd1 Be5 34.
Rd2 d3 35. Rdd1 Bd4 36. Rf1 Qc4+ 37. Ka4 Qc2+ 38. Ka5 Bb2 39. Rd2 Qb3 40. Rfd1
Bxa3 41. Bxa3 Qxa3+ 42. Kb5 Qc3 43. f3 Kg6 44. fxe4 dxe4 45. g4 Kf6 46. Rf1+
Ke5 47. Rdf2 d2 48. Rf5+ Kd4 49. Rf8 Ke3 50. Ka6 d1=Q 51. Rxd1 Qa3+ 0-1

[Event "MFR_HT_2015 Nürnberg"]
[Site "?"]
[Date "2015.03.31"]
[Round "3.13"]
[White "Konsek, Peter"]
[Black "Vogiatzis, Dimitrios"]
[Result "1/2-1/2"]
[WhiteElo "2089"]
[BlackElo "2086"]
[PlyCount "29"]
[EventDate "2015.??.??"]
[WhiteTeam "SW Nürnberg Süd"]
[BlackTeam "SC Noris-Tarrasch Nürnberg"]

1. e4 e5 2. Nf3 Nc6 3. Nc3 Nf6 4. g3 g6 5. Bg2 Bg7 6. O-O O-O 7. d4 exd4 8.
Nxd4 d6 9. Nxc6 bxc6 10. h3 Rb8 11. Qd3 Nd7 12. b3 Ne5 13. Qe2 c5 14. Bb2 Nc6
15. Nd1 1/2-1/2

[Event "MFR_HT_2015 Nürnberg"]
[Site "?"]
[Date "2015.03.31"]
[Round "3.14"]
[White "Link, Andreas"]
[Black "Rausch, Wolfgang sr"]
[Result "1-0"]
[WhiteElo "1983"]
[BlackElo "1881"]
[PlyCount "69"]
[EventDate "2015.??.??"]
[WhiteTeam "Zabo-Eintracht Nürnberg"]
[BlackTeam "SW Nürnberg Süd"]

1. d4 f5 2. g3 Nf6 3. Bg2 g6 4. c4 Bg7 5. Nf3 d6 6. O-O O-O 7. Nc3 c6 8. Re1
Ne4 9. Nxe4 fxe4 10. Ng5 d5 11. Be3 h6 12. Nh3 g5 13. f3 exf3 14. exf3 dxc4 15.
f4 g4 16. Nf2 c5 17. d5 Qd7 18. Qc2 Qb5 19. Rac1 Na6 20. Qxc4 Qxc4 21. Rxc4 b5
22. Rcc1 c4 23. d6 Bf5 24. dxe7 Rfe8 25. Bd5+ Kh8 26. Bxa8 Rxa8 27. a4 Bxb2 28.
axb5 Bxc1 29. Bxc1 Nc7 30. Re5 Be6 31. f5 Bd7 32. Nxg4 Nxb5 33. f6 Be8 34. Nxh6
Nd6 35. Rd5 1-0

[Event "MFR_HT_2015 Nürnberg"]
[Site "?"]
[Date "2015.03.31"]
[Round "3.15"]
[White "Schlötterer, Hermann"]
[Black "Balhar, Michael"]
[Result "1/2-1/2"]
[WhiteElo "1911"]
[BlackElo "1779"]
[PlyCount "132"]
[EventDate "2015.??.??"]
[WhiteTeam "Zabo-Eintracht Nürnberg"]
[BlackTeam "SC Erlangen"]

1. d4 Nf6 2. g3 c5 3. Nf3 cxd4 4. Nxd4 d5 5. Bg2 e5 6. Nb3 h6 7. c4 d4 8. O-O
Nc6 9. N1d2 Be6 10. h3 Qb6 11. Kh2 Rc8 12. e3 dxe3 13. fxe3 Be7 14. Qe2 Nb4 15.
Rxf6 Bxf6 16. c5 Qc7 17. Ne4 Be7 18. Bd2 Nc6 19. Bc3 O-O 20. Nbd2 f5 21. Nd6
Bxd6 22. cxd6 Qxd6 23. Qb5 f4 24. exf4 exf4 25. Ne4 fxg3+ 26. Kh1 Qf4 27. Rf1
Qh4 28. Kg1 Rxf1+ 29. Kxf1 Qf4+ 30. Kg1 Qe3+ 31. Kh1 Rd8 32. Qf1 Rf8 33. Qd1
Kh8 34. a3 Bxh3 35. Qc2 Bxg2+ 36. Kxg2 Qf3+ 37. Kh3 g2+ 38. Kh2 g1=Q+ 39. Kxg1
Qf1+ 40. Kh2 Rf3 41. Qg2 Qxg2+ 42. Kxg2 Rxc3 43. Nxc3 g5 44. Ne4 Kg7 45. Nd6 b6
46. b4 Nd4 47. a4 a6 48. Ne8+ Kf7 49. Nc7 b5 50. a5 Nc6 51. Nxa6 Kf6 52. Nc7
Nxb4 53. Nxb5 Na6 54. Kf3 h5 55. Nc3 Kf5 56. Ne2 g4+ 57. Kg2 h4 58. Kf2 Ke4 59.
Nc3+ Kf4 60. Ne2+ Kg5 61. Ke3 h3 62. Ng3 Nc7 63. Kf2 Kf4 64. Ne2+ Kg5 65. Kg3
Kf5 66. Ng1 Na6 1/2-1/2

[Event "MFR_HT_2015"]
[Site "Nürnberg"]
[Date "2015.04.01"]
[Round "4.1"]
[White "Martin, Thomas"]
[Black "Reis, Gerhard"]
[Result "1-0"]
[WhiteElo "2282"]
[BlackElo "2182"]
[PlyCount "83"]
[EventDate "2015.??.??"]
[WhiteTeam "SC NT Nürnberg"]
[BlackTeam "SW Nürnberg Süd"]

1. e4 c5 2. c3 Nf6 3. e5 Nd5 4. d4 cxd4 5. cxd4 d6 6. Bc4 e6 7. Nf3 Be7 8. Qe2
Nc6 9. O-O Nb6 10. Bb3 d5 11. Nc3 Bd7 12. Bf4 a5 13. a4 Nb4 14. Nb5 O-O 15.
Rfc1 Rc8 16. Rc3 Bc6 17. Ne1 Qd7 18. Rh3 g6 19. Bh6 Rfe8 20. Nc3 Qd8 21. Nf3
Nd7 22. Re1 f5 23. Qd2 Rc7 24. Ng5 Nf8 25. Rg3 b6 26. h4 Bb7 27. Ne2 Qc8 28. h5
Ba6 29. Nc3 Qd8 30. Nh3 Kf7 31. Bd1 Bh4 32. Ng5+ Kg8 33. Rh3 Nd3 34. Rxh4 Nxe1
35. Qxe1 Bc8 36. Qd2 Rce7 37. Nb5 Qd7 38. Bxf8 Rxf8 39. hxg6 hxg6 40. Qf4 Kg7
41. Qh2 Rg8 42. Nd6 1-0

[Event "MFR_HT_2015"]
[Site "Nürnberg"]
[Date "2015.04.01"]
[Round "4.2"]
[White "Miller, Eduard"]
[Black "Seibold, Hubert"]
[Result "1-0"]
[WhiteElo "2157"]
[BlackElo "2168"]
[PlyCount "85"]
[EventDate "2015.??.??"]
[WhiteTeam "SC Erlangen"]
[BlackTeam "SK Zirndorf"]

1. e4 c5 2. Nf3 Nc6 3. d3 g6 4. g3 Bg7 5. Bg2 Nf6 6. O-O O-O 7. Re1 d6 8. c3 e5
9. a3 d5 10. Nbd2 dxe4 11. dxe4 h6 12. Qc2 Qc7 13. b4 cxb4 14. cxb4 Qe7 15. b5
Nd4 16. Nxd4 exd4 17. Bb2 Rd8 18. e5 Ne8 19. Qe4 Nc7 20. a4 Qb4 21. Qc2 Nd5 22.
Ba3 Qc3 23. Qd1 Bf5 24. Bd6 Bc2 25. Qc1 Nb6 26. Ra3 Qc8 27. Bxb7 Qxb7 28. Qxc2
Rac8 29. Qd3 Rc3 30. Rxc3 dxc3 31. Nc4 Nxa4 32. Na5 Qd7 33. Nc6 Re8 34. Qc4 Nb6
35. Qxc3 Nd5 36. Qc5 Nf4 37. gxf4 Qg4+ 38. Kf1 g5 39. Ne7+ Kh8 40. Qc6 Qh3+ 41.
Ke2 Rd8 42. f5 Bxe5 43. Bxe5+ 1-0

[Event "MFR_HT_2015"]
[Site "Nürnberg"]
[Date "2015.04.01"]
[Round "4.3"]
[White "Walter, Thomas"]
[Black "Meulner, Klaus"]
[Result "1/2-1/2"]
[WhiteElo "2149"]
[BlackElo "2129"]
[PlyCount "102"]
[EventDate "2015.??.??"]
[WhiteTeam "SC Erlangen"]
[BlackTeam "SW Nürnberg Süd"]

1. e4 d6 2. d4 Nf6 3. Nc3 c6 4. Nf3 Bg4 5. h3 Bh5 6. a4 e6 7. Bd3 Be7 8. a5 Na6
9. Ra4 d5 10. exd5 exd5 11. Bxa6 bxa6 12. g4 Bg6 13. Ne5 O-O 14. Nxc6 Qe8 15.
Nxe7+ Qxe7+ 16. Be3 Qd7 17. Ra3 Rfe8 18. Kf1 h5 19. g5 Ne4 20. Nxe4 Bxe4 21. f3
Qf5 22. Kg2 Bxc2 23. Qd2 Rab8 24. b4 Rec8 25. Rc1 Rc4 26. Rc3 Rxc3 27. Qxc3 Rc8
28. Qd2 Rc4 29. h4 Ba4 30. Rxc4 dxc4 31. d5 Bd7 32. Qd4 Qh3+ 33. Kf2 Qh2+ 34.
Ke1 Bb5 35. Bg1 Qd6 36. Qc5 Qe5+ 37. Be3 Qg3+ 38. Kd2 Qxf3 39. d6 Qg4 40. Qd4
c3+ 41. Qxc3 Qe6 42. Bc5 Qe2+ 43. Kc1 Bd7 44. Bxa7 Bf5 45. Qd2 Qe5 46. Kd1 Bd7
47. Qd4 Ba4+ 48. Kd2 Qh2+ 49. Ke3 Qg3+ 50. Kd2 Qh2+ 51. Ke3 Qg3+ 1/2-1/2

[Event "MFR_HT_2015"]
[Site "Nürnberg"]
[Date "2015.04.01"]
[Round "4.4"]
[White "Heimrath, Reiner"]
[Black "Tong, Kevin"]
[Result "0-1"]
[WhiteElo "2277"]
[BlackElo "1859"]
[PlyCount "98"]
[EventDate "2015.??.??"]
[WhiteTeam "SC NT Nürnberg"]
[BlackTeam "SC Erlangen"]

1. e4 c5 2. Nf3 Nc6 3. d3 g6 4. c3 Bg7 5. Bg5 Nf6 6. Qc1 O-O 7. Bh6 d5 8. Bxg7
Kxg7 9. Nbd2 Bg4 10. Qc2 Bxf3 11. Nxf3 e6 12. Be2 Rb8 13. a4 a6 14. O-O Qc7 15.
Nd2 b5 16. axb5 axb5 17. f4 Rfe8 18. Rf2 b4 19. Raf1 Re7 20. Qc1 h6 21. g4 Qb6
22. c4 dxe4 23. g5 Ng8 24. dxe4 Nd4 25. Bg4 h5 26. Bh3 Kh8 27. Nf3 Rd8 28. Ne5
Qc7 29. Rd1 Qb7 30. Bg2 Qc7 31. Qb1 Ree8 32. Rfd2 Rd6 33. b3 Red8 34. Kf1 Kg7
35. Qb2 Ne7 36. Nd3 Qb6 37. Kf2 Kg8 38. Ke3 Nec6 39. Bh3 Na5 40. Nc1 Ndxb3 41.
Rxd6 Rxd6 42. Qc2 Rxd1 43. Qxd1 Nxc4+ 44. Kf2 Nxc1 45. Qxc1 b3 46. Qxc4 b2 47.
Bxe6 Qxe6 48. Qb5 Qa2 49. Qe8+ Kh7 0-1

[Event "MFR_HT_2015"]
[Site "Nürnberg"]
[Date "2015.04.01"]
[Round "4.5"]
[White "Bachstein, Dustin"]
[Black "Erlbeck, Peter"]
[Result "1-0"]
[WhiteElo "2108"]
[BlackElo "2091"]
[PlyCount "85"]
[EventDate "2015.??.??"]
[WhiteTeam "SC Erlangen"]
[BlackTeam "SW Nürnberg Süd"]

1. e4 c5 2. Nf3 Nc6 3. d4 cxd4 4. Nxd4 Nf6 5. Nc3 e6 6. Ndb5 d6 7. Bf4 e5 8.
Bg5 a6 9. Na3 b5 10. Nd5 Be7 11. Bxf6 Bxf6 12. c4 b4 13. Nc2 O-O 14. Be2 Bg5
15. Qd3 Rb8 16. O-O f5 17. Bf3 f4 18. Rfd1 Qa5 19. h3 Qc5 20. b3 Bd8 21. Bg4
Bxg4 22. hxg4 Rb7 23. a3 a5 24. axb4 axb4 25. Qh3 Rbf7 26. Ra6 Nb8 27. Ra4 f3
28. g3 Nc6 29. Ndxb4 Nd4 30. Nxd4 exd4 31. Qh5 Qe5 32. Qxe5 dxe5 33. Nd3 Re8
34. b4 Rc7 35. c5 Be7 36. Rc1 Bg5 37. Rc2 Bf6 38. b5 Rb8 39. b6 Rcc8 40. Ra6
Bd8 41. Nxe5 d3 42. Nxd3 Bxb6 43. Rxb6 1-0

[Event "MFR_HT_2015"]
[Site "Nürnberg"]
[Date "2015.04.01"]
[Round "4.7"]
[White "Wagner, Florian"]
[Black "Rausch, Wolfgang jr"]
[Result "1-0"]
[WhiteElo "2145"]
[BlackElo "2138"]
[PlyCount "69"]
[EventDate "2015.??.??"]
[WhiteTeam "SC NT Nürnberg"]
[BlackTeam "SV Lauf"]

1. e4 c6 2. d4 d5 3. Nc3 dxe4 4. Nxe4 Nf6 5. Nxf6+ gxf6 6. g3 Qd5 7. Nf3 Bf5 8.
c4 Qe4+ 9. Qe2 Qxe2+ 10. Bxe2 Bh3 11. Bd2 Nd7 12. Bc3 Rg8 13. Nd2 f5 14. f4 Nf6
15. b4 Ne4 16. Nxe4 fxe4 17. Kf2 e6 18. a4 Be7 19. Rhb1 Rd8 20. c5 b6 21. b5
bxc5 22. bxc6 e5 23. dxe5 Be6 24. c7 Rc8 25. Ba6 Rxc7 26. Rb8+ Bd8 27. Ba5 Rd7
28. Bb5 Ke7 29. Bxd7 Bxa5 30. Rxg8 Bxd7 31. Ra8 c4 32. Ke2 Bb6 33. a5 Bg4+ 34.
Kd2 Bd4 35. Ra3 1-0

[Event "MFR_HT_2015"]
[Site "Nürnberg"]
[Date "2015.04.01"]
[Round "4.8"]
[White "Brenner, Christian"]
[Black "Ulusoy, Tolga"]
[Result "0-1"]
[WhiteElo "2049"]
[BlackElo "2048"]
[PlyCount "58"]
[EventDate "2015.??.??"]
[WhiteTeam "Zabo-Eintr Nürnberg"]
[BlackTeam "SC NT Nürnberg"]

1. e4 c5 2. Nf3 d6 3. d4 cxd4 4. Nxd4 Nf6 5. Nc3 g6 6. Be3 Bg7 7. f3 Nc6 8. Qd2
O-O 9. Bc4 Bd7 10. O-O-O Rc8 11. Bb3 Ne5 12. h4 h5 13. Bg5 Rc5 14. Kb1 Re8 15.
g4 hxg4 16. h5 Nxh5 17. f4 Nc4 18. Qe1 a5 19. Rxh5 gxh5 20. e5 a4 21. Nxa4 Qa5
22. Nxc5 Qxe1 23. Rxe1 dxc5 24. Bxc4 cxd4 25. e6 Bxe6 26. Bxe6 fxe6 27. Rxe6
Kf7 28. Rb6 Bf6 29. Rb5 g3 0-1

[Event "MFR_HT_2015"]
[Site "Nürnberg"]
[Date "2015.04.01"]
[Round "4.9"]
[White "Vogiatzis, Dimitrios"]
[Black "Wittmann, Helmut"]
[Result "0-1"]
[WhiteElo "2086"]
[BlackElo "2103"]
[PlyCount "106"]
[EventDate "2015.??.??"]
[WhiteTeam "SC NT Nürnberg"]
[BlackTeam "BSG Wöhrlhaus"]

1. d4 e6 2. c3 b6 3. e3 Bb7 4. f4 f5 5. Nf3 Nf6 6. Be2 Be7 7. O-O d6 8. Ng5 Qd7
9. Qb3 h6 10. Bf3 Bd5 11. c4 Bc6 12. Bxc6 Nxc6 13. Nxe6 Qxe6 14. d5 Qd7 15.
dxc6 Qxc6 16. Nc3 O-O 17. Bd2 Ne4 18. Nd5 Bf6 19. Qd3 Rae8 20. Bc3 Nxc3 21.
bxc3 Re4 22. g4 Qxc4 23. Qxc4 Rxc4 24. gxf5 Bd8 25. Rfd1 c6 26. Nb4 a5 27. Nd3
Rxf5 28. Kf2 Bf6 29. Rab1 b5 30. Kf3 d5 31. Rbc1 Bxc3 32. Nf2 Rf8 33. Rg1 Re8
34. Rg6 Bd4 35. Rxc4 Rxe3+ 36. Kg4 bxc4 37. Rxc6 Bf6 38. Rc5 g6 39. f5 gxf5+
40. Kxf5 Kf7 41. Nd1 Re5+ 42. Kg4 Re4+ 43. Kf5 Re5+ 44. Kf4 Ke6 45. Rc6+ Ke7
46. Ne3 Rh5 47. Nf5+ Kf7 48. Ra6 c3 49. Rc6 Rxh2 50. Ne3 Bg5+ 51. Kg3 Re2 52.
Nxd5 c2 53. Kf3 Re5 0-1

[Event "MFR_HT_2015"]
[Site "Nürnberg"]
[Date "2015.04.01"]
[Round "4.10"]
[White "Konsek, Peter"]
[Black "Kroneder, Christian"]
[Result "1-0"]
[WhiteElo "2075"]
[BlackElo "2067"]
[PlyCount "73"]
[EventDate "2015.??.??"]
[WhiteTeam "SW Nürnberg Süd"]
[BlackTeam "SK Schwanstetten"]

1. e4 c5 2. d4 cxd4 3. c3 Nf6 4. e5 Nd5 5. Nf3 Nc6 6. Bc4 Nb6 7. Bb3 d5 8. exd6
Qxd6 9. O-O Bf5 10. Na3 d3 11. Nb5 Qd7 12. Bf4 O-O-O 13. Bc7 e6 14. Bxd8 Qxd8
15. a4 Bc5 16. a5 Nd5 17. a6 Nf4 18. axb7+ Kxb7 19. Bc4 Qb6 20. b4 Ne2+ 21. Kh1
Bxf2 22. Nd6+ Kb8 23. Nxf5 exf5 24. Qxd3 Ng3+ 25. hxg3 Ne5 26. Ra6 Nxd3 27.
Rxb6+ Bxb6 28. Bxd3 g6 29. Ne5 Bc7 30. Re1 Kb7 31. Nxf7 Rf8 32. Re7 Kb6 33. c4
Bxg3 34. Ne5 Bxe5 35. Rxe5 Rd8 36. Re6+ Kc7 37. Re7+ 1-0

[Event "MFR_HT_2015"]
[Site "Nürnberg"]
[Date "2015.04.01"]
[Round "4.11"]
[White "Auburger, Philipp"]
[Black "Drees, Martin"]
[Result "0-1"]
[WhiteElo "1978"]
[BlackElo "1942"]
[PlyCount "134"]
[EventDate "2015.??.??"]
[WhiteTeam "SC Forchheim"]
[BlackTeam "TSV Cadolzburg"]

1. e4 e5 2. Nf3 Nc6 3. Bc4 Nf6 4. d4 exd4 5. Ng5 d5 6. exd5 Qe7+ 7. Kf1 Ne5 8.
Qxd4 Nxc4 9. Qxc4 Qc5 10. Qe2+ Be7 11. c4 Nxd5 12. Na3 Nb6 13. Be3 Qf5 14. Nb5
O-O 15. Nxc7 Bxg5 16. Bxb6 axb6 17. Nxa8 Qc5 18. b4 Qc6 19. c5 bxc5 20. h4 Bf6
21. Rc1 b6 22. Nxb6 Qxb6 23. bxc5 Qc6 24. Kg1 Bb7 25. Qf3 Qxf3 26. gxf3 Bxf3
27. Rh3 Bd5 28. a4 Be6 29. Rd3 Ra8 30. c6 h6 31. c7 Kh7 32. Rd6 Rc8 33. a5 Be5
34. Rdc6 Bf4 35. R1c2 Bd5 36. R6c5 Bb7 37. h5 Re8 38. Kf1 Bc8 39. Kg2 Bb7+ 40.
f3 Rc8 41. Rb5 Ba6 42. Rbc5 Be3 43. Rc6 Bb5 44. Rb6 Bxb6 45. axb6 Ba6 46. Ra2
Bb7 47. Ra7 Bc6 48. Kg3 g5 49. Kf2 Kg7 50. Ke3 f5 51. Kd4 Bxf3 52. Ke5 f4 53.
Ra3 Bb7 54. Ra7 f3 55. Rxb7 f2 56. Rb8 f1=Q 57. Rxc8 Qb5+ 58. Kd6 Qxb6+ 59. Kd7
Qd4+ 60. Kc6 Qc4+ 61. Kb7 Qb5+ 62. Ka7 Qc6 63. Kb8 Kf7 64. Rh8 Qb6+ 65. Ka8
Qa5+ 66. Kb7 Qb4+ 67. Kc6 Qc3+ 0-1